Project management (Record no. 102026)
[ view plain ]
| 000 -LEADER | |
|---|---|
| fixed length control field | 00765cam a2200193 4500 |
| 008 - FIXED-LENGTH DATA ELEMENTS--GENERAL INFORMATION | |
| fixed length control field | 020418n2002 000 0 eng u |
| 020 ## - INTERNATIONAL STANDARD BOOK NUMBER | |
| International Standard Book Number | 0632063939 |
| 035 ## - SYSTEM CONTROL NUMBER | |
| System control number | (Sirsi) u117565 |
| 041 ## - LANGUAGE CODE | |
| Language code of text/sound track or separate title | eng. |
| 050 ## - LIBRARY OF CONGRESS CALL NUMBER | |
| Classification number | 624.0684 |
| -- | 18 |
| 100 ## - MAIN ENTRY--PERSONAL NAME | |
| Personal name | Moore, D. |
| 245 ## - TITLE STATEMENT | |
| Title | Project management |
| Remainder of title | designing effective organisational structures in construction |
| 260 ## - PUBLICATION, DISTRIBUTION, ETC. | |
| Place of publication, distribution, etc. | Oxford |
| Name of publisher, distributor, etc. | Blackwell Science |
| Date of publication, distribution, etc. | 2002 |
| 300 ## - PHYSICAL DESCRIPTION | |
| Extent | xvi, 288p. |
| Dimensions | 25cm. |
| 350 ## - PRICE (NR) (BK AM CF MU VM SE) [OBSOLETE] | |
| Price | 37.50 |
| 520 ## - SUMMARY, ETC. | |
| Summary, etc. | Examines the diverse factors to be considered when determining an initial overall organisation for new construction projects. Also looks at how to vary the organisation in response to the differing environments over the lifetime of a project. |
| 690 ## - LOCAL SUBJECT ADDED ENTRY--TOPICAL TERM (OCLC, RLIN) | |
| Topical term or geographic name as entry element | Project management |
| 9 (RLIN) | 6261 |
| 942 ## - ADDED ENTRY ELEMENTS (KOHA) | |
| Suppress in OPAC | 0 |
| Withdrawn status | Lost status | Source of classification or shelving scheme | Damaged status | Not for loan | Home library | Current library | Shelving location | Date acquired | Cost, normal purchase price | Total Checkouts | Full call number | Barcode | Date last seen | Date last checked out | Copy number | Cost, replacement price | Price effective from | Koha item type |
|---|---|---|---|---|---|---|---|---|---|---|---|---|---|---|---|---|---|---|
| Dewey Decimal Classification | London | London | Books | 10/09/2002 | 31.87 | 21 | 624.0684 MOR | 30066513 | 06/08/2019 | 15/10/2009 | 1 | 31.87 | 06/08/2019 | Book |